[Event "5th Varna Open"]
[Site "Golden Sands BUL"]
[Date "2011.07.10"]
[Round "9"]
[White "Kostadinov,T"]
[Black "Filatov,S"]
[Result "1-0"]
[WhiteElo "2217"]
[BlackElo "1699"]

1.d4 d5 2.c4 c6 3.Nc3 Nf6 4.e3 e6 5.Nf3 Bd6 6.Bd3 O-O 7.O-O Nbd7 8.e4 dxc4
9.Bxc4 e5 10.Bb3 Qc7 11.Bg5 h6 12.Bxf6 Nxf6 13.h3 b6 14.Rc1 Ba6 15.Re1 exd4
16.Qxd4 Bc5 17.Qa4 Bd3 18.e5 Ne4 19.Nxe4 Bb5 20.Nf6+ gxf6 21.Qg4+ Kh8 22.Qh4 fxe5
23.Qxh6+ Kg8 24.Re4 Bd3 25.Rg4+ Bg6 26.Rxg6+  1-0

[Event "Karvina Open"]
[Site "Karvina CZE"]
[Date "2011.07.10"]
[Round "9.17"]
[White "Lys,J"]
[Black "Foltyn,L"]
[Result "1-0"]
[WhiteElo "2185"]
[BlackElo "2026"]

1.d4 d5 2.c4 c6 3.Nc3 Nf6 4.e3 e6 5.Nf3 Nbd7 6.g3 Bd6 7.Bg2 O-O 8.O-O b6
9.b3 Ba6 10.Re1 Bb4 11.Bd2 dxc4 12.Bf1 Nd5 13.Qc1 b5 14.bxc4 bxc4 15.e4 N5b6
16.a3 Be7 17.Be3 c5 18.d5 exd5 19.exd5 Nf6 20.Rd1 Qc7 21.Ra2 Rad8 22.Rad2 Rfe8
23.a4 Bd6 24.Bg5 Qd7 25.Bxf6 gxf6 26.Qc2 Be5 27.a5 Nc8 28.Ne4 Qe7 29.Nxe5 Qxe5
30.Nxc5 Bb5 31.Nb7 Rd7 32.Re2 Rxb7 33.Rxe5 Rxe5 34.d6 Rd7 35.Bxc4 Bxc4 36.Qxc4 Rd8
37.Qc7  1-0

[Event "TCh-TUR 2nd League 2011"]
[Site "Konya TUR"]
[Date "2011.07.10"]
[Round "9"]
[White "Lenic,L"]
[Black "Goksel,D"]
[Result "1-0"]
[WhiteElo "2634"]
[BlackElo "2281"]

1.d4 d5 2.c4 c6 3.Nc3 Nf6 4.e3 e6 5.Nf3 Nbd7 6.Qc2 Bd6 7.b3 b6 8.Bd3 Bb7
9.O-O O-O 10.Bb2 Rc8 11.Rad1 Re8 12.Rfe1 h6 13.e4 dxe4 14.Nxe4 Nxe4 15.Bxe4 Qc7
16.c5 Be7 17.Qe2 Rcd8 18.Bb1 a5 19.Qc2 Nf6 20.Ne5 Rd5 21.Rd3 bxc5 22.dxc5 Rxc5
23.Nc4 Rd5 24.Be5 Qd8 25.Rg3 Rxe5 26.Nxe5 Bf8 27.Rf3 Be7 28.Rd1 Qc7 29.Rxf6 Bxf6
30.Nd7  1-0

[Event "111th ch-SUI"]
[Site "Leukerbad SUI"]
[Date "2011.07.10"]
[Round "4"]
[White "Kosteniuk,A"]
[Black "Kurmann,O"]
[Result "1-0"]
[WhiteElo "2497"]
[BlackElo "2431"]

1.d4 e6 2.c4 Nf6 3.Nf3 d5 4.Nc3 c6 5.e3 Nbd7 6.Qc2 Bd6 7.b3 O-O 8.Be2 b6
9.O-O Bb7 10.Bb2 Qe7 11.Rad1 Rac8 12.e4 dxe4 13.Nxe4 Nxe4 14.Qxe4 f5 15.Qe3 Rcd8
16.c5 bxc5 17.Bc4 Nb6 18.Bxe6+ Kh8 19.dxc5 Bxc5 20.Qh6  1-0

[Event "Myrhorod Open A"]
[Site "Myrhorod UKR"]
[Date "2011.07.10"]
[Round "3.15"]
[White "Morozova,J"]
[Black "Kononenko,Dmitry2"]
[Result "1-0"]
[WhiteElo "2109"]
[BlackElo "2278"]

1.d4 d5 2.Nf3 Nf6 3.e3 c6 4.c4 e6 5.Nc3 Nbd7 6.Bd3 dxc4 7.Bxc4 b5 8.Bd3 a6
9.O-O c5 10.b3 Bb7 11.Bb2 cxd4 12.Nxd4 Bd6 13.Rc1 Rc8 14.Bb1 Bb8 15.Qe2 Qc7
16.f4 Qb6 17.Ne4 Rxc1 18.Rxc1 O-O 19.Ng5 h6 20.Ngf3 Ne4 21.g4 Qd6 22.Qc2 f5
23.gxf5 exf5 24.Qg2 g6 25.Nh4 Kf7 26.Ndxf5 gxf5 27.Qg7+ Ke8 28.Nxf5 Rxf5
29.Bxe4 Rf7 30.Bg6 Qe6 31.Bd4 Ke7 32.Bxf7 Qxf7 33.Qxh6 Qg8+ 34.Qg7+ Qxg7+
35.Bxg7 Ke6 36.Kf2 Bd6 37.h4 Nc5 38.Ke2 a5 39.Bd4 Nd7 40.Rg1 Nf8 41.h5 a4
42.h6 Be4 43.Rc1 Kd5 44.Rc8 Ne6 45.Bg7 axb3 46.axb3 Nc5 47.Bf8 Bd3+ 48.Ke1 Bf5
49.Rd8 Nb7 50.Ra8 Bc7 51.Ra7 Kc6 52.Ke2 Bb6 53.Ra1 Na5 54.Rc1+ Kd7 55.Rg1 Ke8
56.Bb4 Nxb3 57.Rg8+ Kd7 58.h7 Nc1+ 59.Kd1 Bxh7 60.Rg7+ Kc6 61.Rxh7 Bxe3 62.Bd2 Bxd2
63.Kxd2 Nb3+ 64.Kc3 Nc5 65.f5 Kd5 66.Kb4 Ne4 67.Re7 Nc5 68.Kxb5 Kd6 69.Re1 Nd7
70.Kb4 Kd5 71.Rd1+ Kc6 72.Kc4 Ne5+ 73.Kd4 Kd6 74.Ke4+  1-0

[Event "86th ch-Paris IdF"]
[Site "Paris FRA"]
[Date "2011.07.10"]
[Round "9.1"]
[White "Arun Prasad,S"]
[Black "Sethuraman,S"]
[Result "1-0"]
[WhiteElo "2489"]
[BlackElo "2529"]

1.d4 d5 2.c4 e6 3.Nc3 c6 4.e3 Nf6 5.Nf3 Nbd7 6.Qc2 Bd6 7.Bd3 O-O 8.O-O dxc4
9.Bxc4 b5 10.Bd3 Bb7 11.Rd1 Rc8 12.a3 a5 13.Ne5 h6 14.f4 Qb6 15.Qe2 Rfd8
16.Bd2 Bf8 17.Be1 c5 18.Bxb5 cxd4 19.Nxd7 Nxd7 20.Rxd4 Nc5 21.Rad1 Rxd4 22.Rxd4 e5
23.fxe5 Ne6 24.Rd7 Bc5 25.Kh1 Ba8 26.Qf1 Kh8 27.Na4 Qb8 28.Bc4 Bxe3 29.Rxf7 Ng5
30.e6 Nxf7 31.exf7 Bc6 32.Bc3 Bf4 33.Nc5 Rf8 34.Nd3 Bd6 35.Qf5 Qb7 36.Qg6  1-0

[Event "Pinnacle 48th COCC"]
[Site "Toronto CAN"]
[Date "2011.07.10"]
[Round "2"]
[White "Drkulec,Vlado"]
[Black "Kalaydina,R"]
[Result "0-1"]
[WhiteElo "2002"]
[BlackElo "1842"]

1.d4 d5 2.c4 c6 3.e3 Nf6 4.Nf3 e6 5.Nc3 Bd6 6.Qc2 Nbd7 7.Bd3 O-O 8.Bd2 dxc4
9.Bxc4 e5 10.O-O exd4 11.exd4 Nb6 12.Bd3 Qc7 13.h3 Bf4 14.Rad1 g6 15.a3 Nbd5
16.Rfe1 Bd7 17.Ne5 Be6 18.Ne4 Nxe4 19.Rxe4 Bxd2 20.Qxd2 Bf5 21.Rh4 Bxd3 22.Qxd3 Qd8
23.Re4 Qd6 24.Qd2 Rad8 25.Qh6 Qf6 26.Nf3 Qg7 27.Qc1 Rfe8 28.Rde1 Rxe4 29.Rxe4 Qf8
30.Qc2 Re8 31.Ne5 f6 32.Nc4 Rxe4 33.Qxe4 Qe7 34.Qxe7 Nxe7 35.Kf1 Nf5 36.Na5 Nd6
37.Ke2 Kf7 38.Kd3 Ke6 39.a4 Kd5 40.b3 b6 41.Nc4 Nf5 42.Ne3+ Nxe3 43.fxe3 f5
44.h4 a5 45.g3 h6 46.g4 fxg4 47.e4+ Ke6 48.Ke2 h5 49.Ke3 b5 50.Kf4 bxa4 51.bxa4 Kd6
52.Kg3 c5 53.dxc5+ Kxc5 54.Kf4 Kd6 55.Ke3 Ke5 56.Kd3 Kf4 57.Kd4 g3  0-1

[Event "2nd Borloy Mem FSGM"]
[Site "Budapest HUN"]
[Date "2011.07.11"]
[Round "9.4"]
[White "Lorscheid,G"]
[Black "Feher,Ad"]
[Result "1/2-1/2"]
[WhiteElo "2265"]
[BlackElo "2323"]

1.d4 d5 2.c4 e6 3.Nc3 c6 4.e3 Nf6 5.Nf3 Nbd7 6.Bd3 dxc4 7.Bxc4 b5 8.Bd3 Bb7
9.O-O a6 10.e4 c5 11.d5 Qc7 12.dxe6 fxe6 13.Bc2 c4 14.Ne2 e5 15.Ng3 Rd8 16.Qe2 Nc5
17.b3 cxb3 18.axb3 Ne6 19.Nf5 g6 20.Ng5 Qc6 21.Nxe6 Qxe6 22.Nh4 Bc5 23.Nf3 O-O
24.b4 Bd4 25.Rb1 Kg7 26.Bb3  1/2-1/2

[Event "Krapina Open"]
[Site "Krapina CRO"]
[Date "2011.07.11"]
[Round "6.4"]
[White "Turk,T"]
[Black "Svrtan,Z"]
[Result "0-1"]
[WhiteElo "1895"]
[BlackElo "2046"]

1.d4 d5 2.c4 c6 3.e3 Nf6 4.Nc3 e6 5.Nf3 Nbd7 6.Be2 Bd6 7.O-O O-O 8.Qc2 Re8
9.e4 dxe4 10.Nxe4 Nxe4 11.Qxe4 e5 12.dxe5 Nxe5 13.Qc2 Nxf3+ 14.Bxf3 Qf6 15.Qb3 Re7
16.Bd2 Be6 17.Bb4 c5 18.Bd2 Qh4 19.g3 Qxc4 20.Qxc4 Bxc4 21.Rfc1 Bd3 22.Bg5 Rc7
23.Rd1 c4 24.Be3 Be5 25.Rd2 a6 26.Bb6 Re7 27.Bc5 Rc7 28.Bb6 Re7 29.Bc5 Rd7
30.Rc1 Rc8 31.Bb4 Rb8 32.Rxc4 Bxc4 33.Rxd7 Bxa2 34.Rxb7 Rc8 35.Bd2 h6 36.Ra7 Bc4
37.Bc3 Bxc3 38.bxc3 Rc5 39.h4 g6 40.Bb7 Ra5 41.Ra8+ Kg7 42.Rc8 Be6 43.Ra8 Ra1+
44.Kg2 a5 45.Bc6 Ra3 46.Bf3 a4 47.Ra6 Ra1 48.Bc6 a3 49.Bb5 Bb3 50.Bd3 a2  0-1

[Event "5th LCT Open A"]
[Site "Leiden NED"]
[Date "2011.07.11"]
[Round "4"]
[White "Polak,T"]
[Black "Van Wessel,R"]
[Result "1-0"]
[WhiteElo "2540"]
[BlackElo "2371"]

1.d4 d5 2.c4 c6 3.Nc3 Nf6 4.e3 e6 5.Nf3 Nbd7 6.Bd3 Bd6 7.e4 dxe4 8.Nxe4 Nxe4
9.Bxe4 O-O 10.O-O Qc7 11.c5 Be7 12.Qc2 h6 13.Re1 Bf6 14.Be3 Rd8 15.Rad1 b6
16.b4 Bb7 17.g3 Rdc8 18.Bf4 Qd8 19.Ne5 Bxe5 20.dxe5 Qe7 21.Rd6 Rc7 22.Red1 a5
23.Qd2  1-0

[Event "Oberwart Open"]
[Site "Oberwart AUT"]
[Date "2011.07.11"]
[Round "3"]
[White "Platzgummer,F"]
[Black "Loidl,F"]
[Result "1-0"]
[WhiteElo "2311"]
[BlackElo "2174"]

1.d4 d5 2.c4 c6 3.Nc3 Nf6 4.e3 e6 5.Nf3 Bd6 6.Be2 O-O 7.O-O Nbd7 8.Qc2 dxc4
9.e4 e5 10.dxe5 Nxe5 11.Nxe5 Bxe5 12.Bxc4 Ng4 13.h3 Qh4 14.Ne2 Nh2 15.Rd1 Bxh3
16.gxh3 Qxh3 17.f4 Nf3+ 18.Kf2 Bf6 19.Ng3 Qh2+ 20.Kxf3 Qxc2 21.Bb3 Qc5 22.Be3 Qa5
23.e5 Be7 24.Nf5 Bc5 25.Rh1 Rfe8 26.Rag1 g6 27.Bxf7+ Kxf7 28.Rxh7+ Ke6 29.Ng7+ Kd5
30.Rd1+ Kc4 31.Rc1+ Kd3 32.Rxc5 Rxe5 33.Rxe5 Qxa2 34.Ne6 b6 35.Rd7+ Kc4 36.Rd4+ Kb3
37.Rd3+ Kc2 38.Rd2+ Kb1 39.b3 Qxb3 40.Rg5 Qb2 41.Rxb2+ Kxb2 42.Rxg6 c5 43.f5 a5
44.f6 a4 45.Nxc5  1-0

[Event "Oberwart Open"]
[Site "Oberwart AUT"]
[Date "2011.07.11"]
[Round "3"]
[White "Palac,M"]
[Black "Schachinger,M"]
[Result "1-0"]
[WhiteElo "2592"]
[BlackElo "2360"]

1.d4 d5 2.c4 c6 3.Nc3 Nf6 4.e3 e6 5.Nf3 Nbd7 6.Qc2 Bd6 7.Bd3 dxc4 8.Bxc4 O-O
9.O-O a6 10.Rd1 b5 11.Bd3 Qc7 12.Bd2 Bb7 13.b4 a5 14.a3 axb4 15.axb4 h6 16.Rac1 Qb8
17.Qb1 Re8 18.h3 Bf8 19.Ne4 Nxe4 20.Bxe4 Ra6 21.Bh7+ Kh8 22.Bc2 Bd6 23.Bc3 Kg8
24.Qb3 Nb6 25.Ra1 Rxa1 26.Rxa1 Qc7 27.e4 Na4 28.Bd2 Ra8 29.e5 Bf8 30.h4 Nc5
31.Qb1 Rxa1 32.Qxa1 Na6 33.Qe1 Qe7 34.h5 f5 35.exf6 gxf6 36.Nh4 f5 37.Ng6 Qf6
38.Bc3 Bg7 39.d5 Qxc3 40.Qxe6+ Kh7 41.Bxf5  1-0

[Event "8th South Wales Int"]
[Site "Penarth WLS"]
[Date "2011.07.11"]
[Round "4.7"]
[White "Marusenko,P"]
[Black "Bryant,R"]
[Result "1-0"]
[WhiteElo "2214"]
[BlackElo "1963"]

1.d4 e6 2.c4 d5 3.Nc3 c6 4.e3 Nf6 5.Nf3 Nbd7 6.b3 Bd6 7.Bd3 O-O 8.O-O e5
9.cxd5 cxd5 10.Nb5 Bb8 11.dxe5 Nxe5 12.Be2 Nxf3+ 13.Bxf3 a6 14.Nd4 Ne4 15.Bb2 Re8
16.Qd3 Be5 17.g3 Bh3 18.Rfd1 Rc8 19.Rac1 Bf6 20.Ba1 Rxc1 21.Rxc1 Qa5 22.Qe2 Bd7
23.Bg2 Rc8 24.Rd1 Qa3 25.Nc2 Bg4 26.Qxg4 Rxc2 27.Bxe4  1-0

[Event "3rd International Open"]
[Site "Rethymno GRE"]
[Date "2011.07.11"]
[Round "1"]
[White "Rychagov,A"]
[Black "Alibinisis,Nikolaos"]
[Result "1-0"]
[WhiteElo "2560"]
[BlackElo "1883"]

1.d4 d5 2.c4 e6 3.Nf3 Nf6 4.Nc3 c6 5.e3 Nbd7 6.Qc2 Bd6 7.b3 b6 8.Be2 Bb7
9.O-O Rc8 10.e4 dxe4 11.Nxe4 Be7 12.Bf4 Nxe4 13.Qxe4 Nf6 14.Qc2 O-O 15.Rad1 h6
16.Ne5 Bd6 17.Bf3 Qe7 18.Rfe1 Rfd8 19.Bg3 Qf8 20.h3 Ba8 21.Bh4 Be7 22.Rd3 Nd7
23.Bg3 Bd6 24.Red1 Be7 25.Bh5 Nxe5 26.Bxe5 Bd6 27.c5 Bxe5 28.dxe5 g6 29.Bxg6 fxg6
30.Rxd8 Rxd8 31.Qxg6+ Kh8 32.Rxd8 Qxd8 33.Qxh6+ Kg8 34.Qxe6+ Kg7 35.Qd6 Qxd6
36.cxd6 Kf7 37.f4 c5 38.f5 Bd5 39.g4 b5 40.g5 c4 41.bxc4 Bxc4 42.g6+ Ke8
43.e6  1-0

[Event "3rd International Open"]
[Site "Rethymno GRE"]
[Date "2011.07.11"]
[Round "1"]
[White "Moen,A"]
[Black "Markaki,S"]
[Result "1-0"]
[WhiteElo "2333"]
[BlackElo "1642"]

1.d4 d5 2.c4 c6 3.Nf3 Nf6 4.Nc3 e6 5.e3 Nbd7 6.Bd3 dxc4 7.Bxc4 b5 8.Be2 a6
9.O-O c5 10.e4 cxd4 11.Qxd4 Bc5 12.Qd3 Bb7 13.e5 Nd5 14.Ne4 Be7 15.b3 h6
16.Rd1 Qc7 17.Bb2 Nf4 18.Qe3 Nxe2+ 19.Qxe2 O-O 20.Rac1 Qd8 21.Nd6 Bd5 22.Nd4 Qb6
23.N4f5 Bg5 24.Rc3 Bxg2 25.Kxg2 exf5 26.e6 Nf6 27.exf7+ Kh8 28.Rg3 Bf4 29.Rxg7 Kxg7
30.Qe6 Qc6+ 31.Kg1  1-0

[Event "Lev Polugaevsky Mem"]
[Site "Samara RUS"]
[Date "2011.07.11"]
[Round "7"]
[White "Makarov,YuriA"]
[Black "Velichko,Arseny"]
[Result "0-1"]
[WhiteElo "2008"]
[BlackElo "1963"]

1.d4 d5 2.c4 e6 3.Nc3 c6 4.e3 Nf6 5.Nf3 Nbd7 6.Qc2 b6 7.b3 Bb7 8.Be2 Bd6
9.O-O Qc7 10.h3 O-O 11.Bb2 Rac8 12.Rac1 Qb8 13.Qb1 a6 14.Bd3 dxc4 15.bxc4 c5
16.Ne4 Nxe4 17.Bxe4 Bxe4 18.Qxe4 Nf6 19.Qh4 cxd4 20.exd4 Be7 21.Ne5 Qb7 22.Qf4 h6
23.Rfe1 Nd7 24.Nxd7 Bg5 25.Nf6+ Bxf6 26.Rc2 Rfd8 27.Qe3 Rd7 28.f4 b5 29.c5 Qd5
30.Rd1 Qxa2 31.c6 Rdc7 32.Ra1 Qd5 33.Rc5 Qd6 34.Rxa6 Rxc6 35.Raxc6 Rxc6 36.Rxb5 Rc4
37.Kh1 g6 38.f5 Bxd4  0-1

[Event "Lev Polugaevsky Mem"]
[Site "Samara RUS"]
[Date "2011.07.11"]
[Round "7"]
[White "Tunik,G"]
[Black "Palachev,P"]
[Result "1/2-1/2"]
[WhiteElo "2440"]
[BlackElo "2207"]

1.d4 d5 2.c4 c6 3.Nf3 Nf6 4.Nc3 e6 5.e3 Nbd7 6.Qc2 Bd6 7.Bd3 dxc4 8.Bxc4 b5
9.Bd3 Bb7 10.O-O O-O 11.a3 a5 12.Bd2 b4 13.axb4 axb4 14.Ne4 Nxe4 15.Bxe4 f5
16.Bd3 c5 17.Be2 Be4 18.Qc4 Bd5 19.Qb5 Rb8 20.Qa6 Qe7 21.Rfc1 Kh8 22.Qa4 cxd4
23.Nxd4 Nc5 24.Qd1 Be5 25.Bc4 Qb7 26.Bxd5 Qxd5 27.Ra5 Bxd4 28.exd4 Qxd4 29.Raxc5 Rfd8
30.R5c2 b3 31.Rc3 Qxd2 32.Qxd2 Rxd2 33.Rxb3 Rbd8 34.Kf1 h6 35.Rb1 Rc8 36.Rc3 Rxc3
37.bxc3 Rc2 38.Re1 Rxc3 39.Rxe6 Kh7 40.g3  1/2-1/2

[Event "Pinnacle 48th COCC"]
[Site "Toronto CAN"]
[Date "2011.07.11"]
[Round "3"]
[White "Bluvshtein,M"]
[Black "Mulyar,M"]
[Result "1-0"]
[WhiteElo "2611"]
[BlackElo "2410"]

1.d4 d5 2.c4 c6 3.Nc3 Nf6 4.e3 e6 5.Nf3 Nbd7 6.Qc2 Bd6 7.Bd3 dxc4 8.Bxc4 O-O
9.O-O a6 10.Rd1 b5 11.Bd3 Qc7 12.Bd2 c5 13.Ne4 c4 14.Nxd6 Qxd6 15.Be2 Bb7
16.b3 Rfc8 17.bxc4 bxc4 18.Bc3 Ne4 19.Nd2 Nxc3 20.Qxc3 Nb6 21.Rab1 Nd5 22.Qc2 Qc6
23.Bf3 a5 24.Qxc4 Qxc4 25.Nxc4 Rxc4 26.Rxb7 Nc3 27.Ra1 Rac8 28.Kf1 g6 29.Rb2 Na4
30.Rd2 Rc1+ 31.Rxc1 Rxc1+ 32.Ke2 Nc3+ 33.Kd3 a4 34.e4 a3 35.d5 exd5 36.exd5 Kf8
37.Kd4 Ke7 38.d6+ Kxd6 39.Kc4+ Ke7 40.Kb3 Nb5 41.Be4 Rc8 42.Bd3 Rb8 43.Kb4 Nd4+
44.Kxa3 Ne6 45.Rb2 Ra8+ 46.Kb4 Nf4 47.Be4 Rd8 48.Kc3 f5 49.Bb7 Rd3+ 50.Kc4 Ra3
51.g3 Nd3 52.Re2+ Kf6 53.Rc2 h5 54.Bd5 h4 55.gxh4 Ke5 56.Bf7 Kf6 57.Be8 Ne1
58.Re2 Nd3 59.Rd2 Nc1 60.h5 gxh5 61.Bxh5 Nxa2 62.Rc2 Ra4+ 63.Kb3 Rh4 64.Be2 Nb4
65.Rc5 Rxh2 66.Kxb4 Rxf2 67.Bd3 Kg5 68.Kc3 Kg4 69.Kd4 Ra2 70.Rxf5 Ra4+ 71.Ke3 Ra3
72.Rc5 Rb3 73.Rc6 Ra3 74.Rg6+ Kh5 75.Rg8 Rb3 76.Kd4 Kh4 77.Be4 Rg3 78.Rh8+ Kg5
79.Ke5 Ra3 80.Rg8+ Kh6 81.Rg6+ Kh5 82.Kf4 Ra4 83.Rb6 Rc4 84.Rb7  1-0

[Event "XX Adolf Anderssen Memorial Open"]
[Site "Wroclaw POL"]
[Date "2011.07.11"]
[Round "7"]
[White "Koziak,V"]
[Black "Wlodarczyk,R"]
[Result "1-0"]
[WhiteElo "2484"]
[BlackElo "2264"]

1.d4 Nf6 2.c4 e6 3.Nf3 d5 4.Nc3 c6 5.e3 Nbd7 6.Qc2 b6 7.e4 dxe4 8.Nxe4 Bb7
9.Bd3 Nxe4 10.Bxe4 Nf6 11.Bg5 Bb4+ 12.Ke2 h6 13.Bxf6 gxf6 14.Qa4 Bd6 15.Bxc6+ Bxc6
16.Qxc6+ Kf8 17.c5 Be7 18.b4 Rb8 19.Rhd1 Rg8 20.Kf1 Rc8 21.Qa4 Qc7 22.Qc2 Qf4
23.Qd2 Qg4 24.Qxh6+ Ke8 25.Ne1 f5 26.h3 Qe4 27.a3 Bg5 28.Qh5 Ke7 29.Qf3 Bh4
30.Ra2 Rg6 31.Re2 Qxf3 32.Nxf3 Bf6 33.Ne5 Bxe5 34.Rxe5 Rcg8 35.g3 f4 36.g4 Rh6
37.Kg2 f3+ 38.Kg3 f5 39.d5 fxg4 40.hxg4 Rhg6 41.Rxe6+ Rxe6 42.dxe6 Kxe6 43.cxb6 axb6
44.Kxf3  1-0

[Event "XX Adolf Anderssen Memorial Open"]
[Site "Wroclaw POL"]
[Date "2011.07.11"]
[Round "9"]
[White "Malaniuk,V"]
[Black "Kozakov,M"]
[Result "1/2-1/2"]
[WhiteElo "2455"]
[BlackElo "2471"]

1.d4 d5 2.c4 c6 3.Nf3 Nf6 4.Nc3 e6 5.e3 Nbd7 6.Qc2 Be7 7.b3 O-O 8.Bd3 b6
9.O-O Bb7 10.Bb2 Rc8  1/2-1/2

[Event "SPA Open A"]
[Site "Amsterdam NED"]
[Date "2011.07.12"]
[Round "4"]
[White "Neverov,V"]
[Black "Wunnink,M"]
[Result "1-0"]
[WhiteElo "2500"]
[BlackElo "2258"]

1.d4 d5 2.c4 c6 3.Nf3 Nf6 4.Nc3 e6 5.e3 Nbd7 6.Qc2 Bd6 7.b3 O-O 8.Bb2 e5
9.Be2 Re8 10.cxd5 cxd5 11.Nb5 Bb4+ 12.Bc3 Bxc3+ 13.Qxc3 exd4 14.Nfxd4 Ne4
15.Qc7 Qe7 16.O-O a6 17.Nf5 Qe5 18.Nbd6 Rf8 19.Rac1 Kh8 20.Nxe4 Qxc7 21.Rxc7 dxe4
22.Nd6 Ne5 23.Nxe4 Be6 24.f4 Nc6 25.Nd6 Rad8 26.Rd1 Nb4 27.Nxf7+ Bxf7 28.Rxd8 Rxd8
29.Rxf7 b5 30.a4 Kg8 31.Rb7 Nd5 32.axb5 axb5 33.Rxb5 Nxe3 34.Kf2 Nc2 35.Bc4+ Kf8
36.Rd5 Ra8 37.Rd7 Ra2 38.Rd2 h6 39.g4 Ke7 40.Re2+ Kd6 41.b4 Rb2 42.Rd2+ Ke7
43.b5  1-0

[Event "21st Heart of Finland"]
[Site "Jyvaskyla FIN"]
[Date "2011.07.12"]
[Round "2"]
[White "Tuomala,Ti"]
[Black "Jantti,P"]
[Result "1-0"]
[WhiteElo "2240"]
[BlackElo "2099"]

1.Nf3 Nf6 2.c4 c6 3.e3 d5 4.Nc3 e6 5.d4 Nbd7 6.Be2 Bd6 7.b3 O-O 8.O-O b6
9.Qc2 Bb7 10.e4 e5 11.exd5 cxd5 12.Nb5 Bb8 13.Ba3 Re8 14.Nd6 Bxd6 15.Bxd6 exd4
16.Bg3 Nc5 17.Rad1 dxc4 18.Bxc4 Be4 19.Qb2 d3 20.b4 Ne6 21.Ne5 Rc8 22.Bxd3 Bxd3
23.Rxd3 Qe7 24.b5 Nc5 25.Re3 Nd5 26.Nc6 Qb7 27.Rxe8+ Rxe8 28.Qd4 Nf6 29.Be5 Ncd7
30.Bd6 Nf8 31.Rd1 Ng6 32.h3 Re4 33.Qc3 h6 34.Bg3 Re8 35.Qb3 a6 36.a4 Ne4
37.Bh2 axb5 38.axb5 Nc5 39.Qd5 Ne6 40.Qf5 Nc5 41.Bd6 Ne4 42.Bb4 Nf6 43.Bc3 Nh4
44.Qd3 Nh7 45.Qd4 Nf5 46.Qg4 g6 47.Qf4 Ng5 48.h4 Ne6 49.Qe5 Neg7 50.Qf4 Qc8
51.Qc4 h5 52.Qa4 Qc7 53.g3 Nxg3 54.Bxg7 Ne2+ 55.Kf1 Qh2 56.Be5 Ng3+ 57.fxg3 Qh1+
58.Kf2 Qh2+ 59.Kf3 f6 60.Qc4+ Kh7 61.Qf7+  1-0

[Event "21st Heart of Finland"]
[Site "Jyvaskyla FIN"]
[Date "2011.07.12"]
[Round "3"]
[White "Vorotnikov,V1"]
[Black "Simkin,A"]
[Result "1-0"]
[WhiteElo "2422"]
[BlackElo "1920"]

1.d4 d5 2.c4 c6 3.Nf3 Nf6 4.e3 e6 5.Nc3 Nbd7 6.a3 Be7 7.b4 O-O 8.Qc2 Re8
9.Be2 Nf8 10.O-O Ng6 11.e4 Nxe4 12.Nxe4 dxe4 13.Qxe4 Bf6 14.Ne5 a5 15.Be3 Bxe5
16.dxe5 Qc7 17.f4 b6 18.Qd4 Rb8 19.bxa5 bxa5 20.Rab1 Ba6 21.Qd6 Qc8 22.Qc5 Rxb1
23.Rxb1 Qc7 24.Rb6 Bb7 25.Qxa5 Ra8 26.Qb4 Bc8 27.Qd6 Qa7 28.Kf2 Qe7 29.Qxe7 Nxe7
30.Bc5 Ng6 31.g3 Bd7 32.Bf3 Rc8 33.a4 h6 34.Rb7 Be8 35.a5 Nf8 36.Bxf8 Kxf8
37.a6 Ra8 38.a7 g6 39.Ke3 Kg7 40.Kd4  1-0

[Event "ch-Central Serbia Int Open A"]
[Site "Paracin SRB"]
[Date "2011.07.12"]
[Round "5.35"]
[White "Farago,I"]
[Black "Elez,S"]
[Result "1-0"]
[WhiteElo "2485"]
[BlackElo "2149"]

1.d4 d5 2.c4 c6 3.Nc3 Nf6 4.e3 e6 5.Nf3 Nbd7 6.Qc2 Bd6 7.Bd3 dxc4 8.Bxc4 b5
9.Bd3 Bb7 10.O-O O-O 11.Ng5 h6 12.Nge4 Be7 13.Bd2 e5 14.Ng3 Re8 15.Rad1 Qb6
16.Bf5 Rad8 17.Qb3 exd4 18.exd4 Qxd4 19.Bxh6 Qb4 20.Qxb4 Bxb4 21.Bg5 Bxc3
22.bxc3 c5 23.Nh5 Kf8 24.Rxd7 Rxd7 25.Bxf6  1-0

[Event "Lev Polugaevsky Mem"]
[Site "Samara RUS"]
[Date "2011.07.12"]
[Round "8"]
[White "Shur,T"]
[Black "Glukhov,A2"]
[Result "0-1"]
[WhiteElo "1725"]
[BlackElo "2072"]

1.d4 d5 2.Nf3 Nf6 3.c4 e6 4.e3 c6 5.Nc3 Nbd7 6.Bd2 Bd6 7.cxd5 exd5 8.Bd3 O-O
9.Rc1 Re8 10.O-O Ne4 11.Be1 f5 12.Nd2 Ndf6 13.Ndxe4 Bxh2+ 14.Kxh2 Ng4+ 15.Kg1 Qh4
16.Qxg4 fxg4 17.g3 Qh5 18.Nd6 Re6 19.Nf5 Rf6 20.Nh4 g5  0-1

[Event "Open ch-SVK A"]
[Site "Banska Stiavnica SVK"]
[Date "2011.07.13"]
[Round "5"]
[White "Straka,Jos"]
[Black "Skrabakova,Katarina"]
[Result "1/2-1/2"]
[WhiteElo "2305"]
[BlackElo "2007"]

1.Nf3 d5 2.c4 e6 3.d4 Nf6 4.Nc3 c6 5.e3 Nbd7 6.Bd3 dxc4 7.Bxc4 b5 8.Be2 a6
9.O-O Bb7 10.a3 c5 11.dxc5 Bxc5 12.b4 Be7 13.Bb2 O-O 14.Qb3 Qb6 15.Rac1 Rfd8
16.Rfd1 Rac8 17.Qa2 Nd5 18.Qa1 Bf6 19.Nd4 Nf4 20.Nf3 Rxc3 21.exf4 Rxc1 22.Qxc1 Rc8
23.Qd2 Bxb2 24.Qxb2  1/2-1/2

[Event "St Pauli Open"]
[Site "Hamburg GER"]
[Date "2011.07.13"]
[Round "6.34"]
[White "Kambor,Joachim"]
[Black "Groetzbach,J"]
[Result "0-1"]
[WhiteElo "2077"]
[BlackElo "1884"]

1.d4 d5 2.c4 c6 3.Nc3 Nf6 4.e3 e6 5.Nf3 Nbd7 6.Bd3 dxc4 7.Bxc4 b5 8.Bd3 a6
9.e4 c5 10.d5 exd5 11.e5 Ng4 12.Qe2 Nb6 13.h3 Nh6 14.O-O Nf5 15.e6 Nd6 16.exf7+ Kxf7
17.Bg5 Qc7 18.Rfe1 Bd7 19.Ne5+ Kg8 20.Qf3 Bc6 21.Nxc6 Qxc6 22.Re6 Qb7 23.Rd1 Qf7
24.Qxf7+ Kxf7 25.Re5 d4 26.Nd5 Nxd5 27.Rxd5 c4 28.Be2 d3 29.Bf3 Re8 30.Bf4 Rd8
31.a4 Be7 32.Bxd6 Rxd6 33.axb5 axb5 34.Rxb5 Rhd8 35.Rb7 Kf8 36.Rc7 Rd4 37.g3 Rb8
38.Bb7 Bd8 39.Rxc4 Rxc4 40.Rxd3 Rxb7  0-1

[Event "Oberwart Open"]
[Site "Oberwart AUT"]
[Date "2011.07.13"]
[Round "5"]
[White "Palac,M"]
[Black "Gergacz,A"]
[Result "1/2-1/2"]
[WhiteElo "2592"]
[BlackElo "2436"]

1.d4 d5 2.c4 c6 3.Nc3 Nf6 4.e3 e6 5.Nf3 Bd6 6.Bd3 Nbd7 7.O-O O-O 8.Qc2 dxc4
9.Bxc4 e5 10.h3 exd4 11.exd4 Nb6 12.Bb3 Nfd5 13.Re1 h6 14.Qd3 Nb4 15.Qb1 N4d5
16.Bd2 Nxc3 17.bxc3 Qf6 18.Ne5 Bf5 19.Qd1 Rae8 20.f4 Bxe5 21.fxe5 Qg6 22.Kh2 Be4
23.Qe2 Bd3 24.Qf3 a5 25.Bc1 a4 26.Bd1 Re6 27.Re3 Bc4 28.Ba3 Ra8 29.Qf2 Bd3
30.Bg4 Nc4 31.Rg3 Be4 32.Be2 Nxa3 33.Rxg6 Rxg6 34.g4 b5 35.Rf1 Rf8 36.Qf4 f5
37.exf6 Bd5 38.Qc1 Rgxf6 39.Rxf6 Rxf6 40.Kg3 Nc4 41.Bxc4  1/2-1/2

[Event "Nana Aleksandria Cup"]
[Site "Poti GEO"]
[Date "2011.07.13"]
[Round "3"]
[White "Nigalidze,G"]
[Black "Mikaelyan,A"]
[Result "1/2-1/2"]
[WhiteElo "2448"]
[BlackElo "2197"]

1.d4 d5 2.c4 c6 3.Nc3 e6 4.e3 Nf6 5.Nf3 Nbd7 6.b3 b6 7.Be2 Bb7 8.Bb2 Be7
9.O-O O-O 10.Rc1 Rc8 11.Qd3 h6 12.Rfd1 Qc7 13.cxd5 exd5 14.Qf5 Qd6 15.Ne5 Qe6
16.Qxe6 fxe6 17.Ng6 Rfe8 18.Nxe7+ Rxe7 19.f4 g5 20.g3 Rg7 21.Bf3 h5 22.Kf2 Kf7
23.Ba3 h4 24.Bd6 Rh8 25.Rh1 Ne8 26.Ba3 Nef6 27.Bd6 Ne8 28.Be5 Nxe5 29.dxe5 g4
30.Bg2 c5 31.Rhg1 hxg3+ 32.hxg3 Rh2 33.b4 Kg6 34.bxc5 bxc5 35.Na4 d4 36.exd4 cxd4
37.Nc5 Bd5 38.Kf1 Bxg2+ 39.Rxg2 Rh1+ 40.Rg1 Rxg1+ 41.Kxg1 Rc7 42.Kf2 Ng7
43.Nb3 Rxc1 44.Nxc1 Kf5 45.Nd3  1/2-1/2

[Event "3rd International Open"]
[Site "Rethymno GRE"]
[Date "2011.07.13"]
[Round "4"]
[White "Kharitonov,Alexandr"]
[Black "Simonian,T"]
[Result "1/2-1/2"]
[WhiteElo "2539"]
[BlackElo "2294"]

1.d4 d5 2.c4 c6 3.Nc3 Nf6 4.e3 e6 5.Nf3 Nbd7 6.Qc2 Bd6 7.Bd3 O-O 8.O-O dxc4
9.Bxc4 a6 10.Rd1 b5 11.Bd3 Qc7 12.Bd2 Bb7 13.b4 e5 14.Ne4 Nxe4 15.Bxe4 h6
16.Rac1 exd4 17.exd4 Nf6 18.Bd3 Rfe8 19.h3 Nd5 20.Qb3 Qe7 21.Re1 Qf6 22.Bb1 Nf4
23.Bxf4 Qxf4 24.a3 Rad8 25.Re3 Rxe3 26.fxe3 Qg3 27.Qc2 g6 28.Qf2 Qxf2+ 29.Kxf2 a5
30.Be4 axb4 31.axb4 Rc8 32.Ne5 Bxb4 33.Nxc6 Bd6 34.d5 b4 35.Rb1 f5 36.Bf3 Ba6
37.Nxb4 Rb8 38.Ra1 Bc4 39.Nc6 Rb2+ 40.Kg1 Rd2 41.Na5  1/2-1/2

[Event "3rd International Open"]
[Site "Rethymno GRE"]
[Date "2011.07.13"]
[Round "4"]
[White "Svetushkin,D"]
[Black "Moen,A"]
[Result "1-0"]
[WhiteElo "2576"]
[BlackElo "2333"]

1.d4 d5 2.c4 e6 3.Nf3 c6 4.Nc3 Nf6 5.e3 Nbd7 6.Qc2 Bd6 7.b3 b6 8.Bb2 Bb7
9.Bd3 O-O 10.O-O h6 11.Rad1 Qc7 12.e4 dxe4 13.Nxe4 Nxe4 14.Bxe4 Nf6 15.Bd3 Ng4
16.g3 c5 17.d5 exd5 18.cxd5 Ne5 19.Bh7+ Kh8 20.Nh4 Be7 21.Rfe1 Ng4 22.Rxe7 Qxe7
23.Bxg7+ Kxg7 24.Nf5+  1-0

[Event "SPA Open A"]
[Site "Amsterdam NED"]
[Date "2011.07.14"]
[Round "6"]
[White "Posedaru,B"]
[Black "Tan,Mat"]
[Result "1/2-1/2"]
[WhiteElo "2354"]
[BlackElo "2400"]

1.d4 d5 2.c4 c6 3.Nf3 Nf6 4.e3 e6 5.Nc3 Nbd7 6.Qc2 Bd6 7.g4 h6 8.Bd2 dxc4
9.Bxc4 b5 10.Be2 Bb7 11.Rg1 Qe7 12.e4 b4 13.Na4 e5 14.dxe5 Nxe5 15.Nxe5 Qxe5
16.O-O-O O-O-O 17.Be3 Qa5 18.g5 hxg5 19.Rxg5 Qc7 20.e5 Bxe5 21.Qf5+ Nd7 22.Bg4 Rhe8
23.Qxf7 Bd6 24.Rxg7 Re7 25.Qg6 Kb8 26.Rxe7 Bxe7 27.Qe6 Nb6 28.Rxd8+ Bxd8
29.Nxb6 axb6 30.Qc4 Be7 31.Bf4 Bd6 32.Bg3 c5 33.Qd3 Bf4+ 34.Kb1 Ka7 35.Qd7 Bxg3
36.hxg3 Qe5 37.Qe6 Qd4 38.Qe2 c4 39.Bf5 c3 40.g4 Ba6 41.Qe7+ Bb7 42.Qe2 Ba6
43.Qe7+ Bb7 44.f4  1/2-1/2